Loading...
| Literature - American | 0 | 3 | 1 | 0 | 25 | 80 | 109.67 | 1 | 3 | 6.62 | 20.00 |
| Literature - British | 0 | 2 | 0 | 1 | 20 | 105 | 117.00 | 0 | 2 | 2.73 | 12.50 |
| Social Science | 0 | 1 | 0 | 0 | 10 | 104 | 104.00 | 0 | 1 | 2.55 | 8.33 |
| Science - Biology | 0 | 1 | 1 | 1 | 5 | 115 | 115.00 | 1 | 1 | 0.17 | 7.50 |
| Literature - World | 0 | 1 | 2 | 0 | 0 | 141 | 141.00 | 0 | 1 | 1.08 | 5.00 |
| Geography | 0 | 0 | 1 | 0 | -5 | 0.00 | 0 | 0 | 0.00 | 0.00 | |
| History - European | 0 | 0 | 1 | 0 | -5 | 0.00 | 0 | 0 | 0.00 | 0.00 | |
| Religion | 0 | 0 | 1 | 0 | -5 | 0.00 | 0 | 0 | 0.00 | 0.00 | |
| History - American | 0 | 0 | 1 | 0 | -5 | 0.00 | 0 | 0 | 0.00 | 0.00 | |
| Fine Arts - Other | 0 | 0 | 1 | 0 | -5 | 0.00 | 0 | 0 | 0.00 | 0.00 |